World Mountain Ranges - Click Map - Statistics

General Stats
  • This quiz has been taken 193 times
  • The average score is 16 of 31
Answers on the Map
Answers color-coded by a green-red scale on the quiz's map according to % correct below.
 
Answer Stats
Answer % Correct
Andes
97%
Alps
87%
Appalachian Mountains
87%
Hymalayas
86%
Rocky Mountains
79%
Pyrenees
77%
Atlas Mountains
76%
Ural Mountains
76%
Scandinavian
74%
Caucasus
72%
Carpathian
70%
Apennines
68%
Sierra Madre
60%
Brasilian Highlands
55%
Drakensberg
55%
Ozark-Plateau
52%
Altai Mountains
46%
Southern Alps
43%
Kunlun Shan
41%
Zagros
40%
Great Dividing Range
39%
Brooks Range
38%
Ghats
32%
Taurus Mountains
31%
Mantiqueira Mountains
29%
Annamite Range
28%
Rwenzori
23%
Vindhya
23%
Kaskadenkette
14%
Aravalli
13%
Barisan Mountains
13%
No matching quizzes found
Score Distribution
Percent of People with Each Score
Percentile by Number Answered
Your Score History
You have not taken this quiz